Pays de A-Z en 3 minutes proche de la France - Statistiques

Statistiques générales
  • Ce quiz a été pris 280 fois
  • Le résultat moyen est 15 sur 24
Statistiques - réponses
Lettre Pays selon la lettre % Correct
B Belgique
90%
E Espagne
84%
D Danemark
83%
F Finlande
82%
A Andorre
79%
I Italie
77%
S Suisse
75%
P Portugal
70%
H Hongrie
68%
L Luxembourg
66%
Y Yemen
66%
V Vatican
65%
Z Zambie
64%
C Croatie
63%
R Royaume Uni
63%
Q Qatar
61%
M Monaco
59%
K Kosovo
51%
N Norvège
49%
U Ukraine
46%
J Jamaïque
36%
O Ouzbékistan
36%
G Guyana
20%
T Trinité et Tobago
7%
Aucun quiz correspondant
Distribution des résultats
% des personnes avec chaque résultat
Percentile par nombre de réponses
Votre historique - résultats
Vous n’avez pas pris ce quiz